All Time Leader in 3 Point Buzzer Beater in Playoffs by Every NBA Team - Statistics

General Stats
  • This quiz has been taken 8 times
  • The average score is 5 of 13
Answer Stats
3 Point Buzzer Beater/s Team Answer % Correct
2 Portland Trail Blazers Damian Lillard
100%
2 Cleveland Cavaliers LeBron James
100%
1 Dallas Mavericks Luka Dončić
100%
1 Los Angeles Lakers Anthony Davis
33%
1 Chicago Bulls Derrick Rose
33%
1 Houston Rockets Eddie Johnson
33%
1 Oklahoma City Thunder Gus Williams
33%
1 Utah Jazz John Stockton
33%
1 Washington Wizards Dudley Bradley
0%
1 Toronto Raptors OG Anunoby
0%
Robert Horry
0%
1 Phoenix Suns Stephon Marbury
0%
Vince Carter
0%
No matching quizzes found
Score Distribution
Percent of People with Each Score
Percentile by Number Answered
Your Score History
You have not taken this quiz